| 000 | 00713nam a22001937a 4500 | ||
|---|---|---|---|
| 003 | BD-DhUL | ||
| 005 | 20180604093703.0 | ||
| 008 | 180604s1961 ii ||||| |||| 00| 0 ben d | ||
| 040 |
_aBD-DhUL _cBD-DhUL |
||
| 082 |
_a891.443 _bNIK |
||
| 100 | 1 | _aগুপ্ত, নীহাররঞ্জন | |
| 245 | 0 | 0 |
_aকালো ভ্রমর : _bখণ্ড ৩ ও ৪ / _cনীহাররঞ্জন গুপ্ত |
| 250 | _a১ম 'মিত্র-ঘোষ' সং. | ||
| 260 |
_aকলিকাতা : _bমিত্র ও ঘোষ, _c১৯৬১। |
||
| 300 |
_a খ. ; _c১৯ সেমি. |
||
| 650 | 4 | _aবাংলা উপন্যাস | |
| 650 | 4 | _aBengali fiction | |
| 942 |
_2ddc _cBK |
||
| 999 |
_c241894 _d241894 |
||